[Event "Quebec-ch U12"]
[Site "Montreal CAN"]
[Date "2001.03.11"]
[Round "4"]
[White "Ye, Ling Feng"]
[Black "Mathieu, Jean-Philippe"]
[Result "1-0"]
[WhiteElo "1670"]
[BlackElo "1270"]
[PlyCount "99"]
[GameId "2160767911610276"]
[EventDate "2001.03.09"]
[EventType "tourn"]
[EventRounds "5"]
[EventCountry "CAN"]

1. e4 e5 2. Nf3 Nc6 3. Bb5 d6 4. O-O Nf6 5. Re1 Be7 6. c3 O-O 7. h3 a6 8. Ba4 Bd7 9. d4 exd4 10. cxd4 Qe8 11. Kh1 Qc8 12. Bf4 Re8 13. Nbd2 Bf8 14. Bb3 Na5 15. Bc2 g6 16. Nf1 Nh5 17. Bg5 Be7 18. Be3 Ng7 19. b3 Nc6 20. Ng3 f5 21. Bd3 fxe4 22. Nxe4 Nf5 23. Bg5 Bxg5 24. Nfxg5 Rf8 25. Bc4+ Kg7 26. Nf3 Qd8 27. Neg5 h6 28. Ne4 Nce7 29. g4 d5 30. Bxd5 Nxd5 31. gxf5 Bxf5 32. Kh2 Qd7 33. Ne5 Qc8 34. Qf3 Bxe4 35. Qxe4 Nf4 36. Qe3 Qf5 37. Rac1 Nd5 38. Qd3 Qxf2+ 39. Kh1 Qf5 40. Qg3 Nf4 41. Rxc7+ Kg8 42. Rg1 Qe4+ 43. Nf3 Rf7 44. Re1 Ne2 45. Rxe2 Qxe2 46. Qxg6+ Kh8 47. Qxh6+ Kg8 48. Qg6+ Kh8 49. Rxf7 Qf1+ 50. Kh2 1-0

[Event "Quebec-ch U12"]
[Site "Montreal CAN"]
[Date "2001.03.11"]
[Round "5"]
[White "Lawson, Jonathan"]
[Black "Ye, Ling Feng"]
[Result "0-1"]
[WhiteElo "1433"]
[BlackElo "1670"]
[PlyCount "56"]
[GameId "2160767911610278"]
[EventDate "2001.03.09"]
[EventType "tourn"]
[EventRounds "5"]
[EventCountry "CAN"]

1. e4 e5 2. Nf3 Nc6 3. Bc4 Bc5 4. c3 Nf6 5. d3 O-O 6. Bb3 d6 7. Nbd2 Bg4 8. h3 Bh5 9. Bc2 h6 10. O-O Re8 11. b4 Bb6 12. a4 a6 13. Nc4 Ba7 14. Re1 d5 15. exd5 Nxd5 16. Bb2 Nf4 17. Bc1 Qf6 18. Re4 Rad8 19. Bxf4 exf4 20. d4 Rxe4 21. Bxe4 Nxd4 22. cxd4 Rxd4 23. Qe1 Rxe4 24. Qxe4 Qxa1+ 25. Kh2 Bxf2 26. Qe8+ Kh7 27. Qe4+ Bg6 28. Qxb7 Bg3# 0-1

[Event "Quebec-ch U12"]
[Site "Montreal CAN"]
[Date "2001.03.11"]
[Round "5"]
[White "Mathieu, Jean-Philippe"]
[Black "Clyde, Ryan"]
[Result "1-0"]
[WhiteElo "1270"]
[BlackElo "1231"]
[PlyCount "149"]
[GameId "2160767911610279"]
[EventDate "2001.03.09"]
[EventType "tourn"]
[EventRounds "5"]
[EventCountry "CAN"]

1. e4 Nf6 2. Nc3 d6 3. Bc4 Nc6 4. h3 e5 5. Nf3 h6 6. d3 Be7 7. O-O O-O 8. Be3 Bd7 9. Nh2 Qc8 10. Kh1 Be6 11. Bb3 Bxb3 12. axb3 a6 13. Qf3 Nd4 14. Bxd4 exd4 15. Ne2 c5 16. Nf4 a5 17. Nh5 Nxh5 18. Qxh5 b6 19. f4 Qd8 20. Rf3 Kh7 21. Rg1 g6 22. Qd5 Qd7 23. Ng4 Qe6 24. Qxe6 fxe6 25. Rgf1 Rf7 26. f5 gxf5 27. exf5 exf5 28. Rxf5 Rxf5 29. Rxf5 Rf8 30. Rxf8 Bxf8 31. Nf6+ Kg6 32. Nd7 Be7 33. Nxb6 Bd8 34. Nc4 Bc7 35. Kg1 Kg5 36. Kf2 h5 37. Kf3 h4 38. c3 dxc3 39. bxc3 d5 40. Nd2 d4 41. c4 Bb6 42. Ne4+ Kh5 43. Kf4 Bc7+ 44. Kf5 Bb6 45. Nf6+ Kh6 46. Kg4 Bd8 47. Nd7 Be7 48. Ne5 Bf6 49. Nf3 Be7 50. Nxh4 Bxh4 51. Kxh4 Kg6 52. Kg4 Kf6 53. h4 Kg6 54. Kf4 Kh5 55. g4+ Kxh4 56. Kf5 Kg3 57. g5 Kf3 58. g6 Ke3 59. g7 Kxd3 60. g8=Q Kc2 61. Qg3 d3 62. Qf2+ Kxb3 63. Qd2 a4 64. Qxd3+ Kb2 65. Qd2+ Kb3 66. Qd1+ Kb4 67. Ke4 Kxc4 68. Qxa4+ Kc3 69. Qa3+ Kc4 70. Kf3 Kd5 71. Qb3+ Kd6 72. Qc4 Kc6 73. Ke4 Kb6 74. Kd5 Ka5 75. Qxc5+ 1-0

[Event "Quebec-ch U12"]
[Site "Montreal CAN"]
[Date "2001.03.11"]
[Round "5"]
[White "Parra, Victor"]
[Black "Rodriguez, Aaron"]
[Result "1/2-1/2"]
[WhiteElo "1302"]
[BlackElo "1513"]
[PlyCount "140"]
[GameId "2160767911610280"]
[EventDate "2001.03.09"]
[EventType "tourn"]
[EventRounds "5"]
[EventCountry "CAN"]

1. c4 g6 2. Nc3 Bg7 3. g3 Nf6 4. Bg2 O-O 5. d4 d6 6. e3 Nc6 7. Nge2 e5 8. dxe5 Nxe5 9. b3 Rb8 10. O-O Bg4 11. Qc2 Bf3 12. Nd4 Bxg2 13. Kxg2 a6 14. Bb2 Re8 15. Qd2 Nfd7 16. Nd5 c6 17. Nf4 Nc5 18. Rad1 Ne4 19. Qc2 Ng4 20. Qe2 h5 21. Kg1 Ne5 22. Ba1 Qa5 23. Qc2 Ng4 24. h3 Ngf6 25. Nde2 Rbd8 26. Nc3 Qf5 27. Nxe4 Qxe4 28. Qxe4 Rxe4 29. Bxf6 Bxf6 30. Ne2 Kf8 31. Rd3 Re7 32. Rfd1 Red7 33. Nc3 Bxc3 34. Rxc3 d5 35. Rcd3 Ke7 36. c5 Ke6 37. Rd4 Ke5 38. Kf1 Re8 39. Kg2 f5 40. h4 Kf6 41. Re1 Re4 42. f3 Re6 43. f4 Rde7 44. Kf2 Re8 45. b4 Rb8 46. a3 Rd8 47. Re2 Re4 48. Re1 Rb8 49. Re2 b6 50. cxb6 Rxb6 51. Rc2 Ke6 52. Rc5 Kd6 53. Ra5 Kc7 54. Rc5 Kb7 55. Rxe4 fxe4 56. Ke2 Kc7 57. Kd2 Kd6 58. Kc3 Ke6 59. Kd4 Kf5 60. Rc1 Kg4 61. Kc5 Rb8 62. Kd6 Kxg3 63. Rg1+ Kf3 64. Rxg6 Kxe3 65. f5 Rb6 66. f6 Kd2 67. f7 e3 68. f8=Q c5+ 69. Kxc5 Rxg6 70. Qf4 Rg4 1/2-1/2

[Event "Quebec-ch U14"]
[Site "Montreal CAN"]
[Date "2001.03.09"]
[Round "1"]
[White "Clyde, Jordan"]
[Black "Ramaswamy, Kishor"]
[Result "1/2-1/2"]
[WhiteElo "1742"]
[BlackElo "1909"]
[PlyCount "94"]
[GameId "2160767911610281"]
[EventDate "2001.03.09"]
[EventType "tourn"]
[EventRounds "5"]
[EventCountry "CAN"]

1. Nf3 d5 2. b3 Bg4 3. Bb2 Nd7 4. g3 Ngf6 5. Bg2 e6 6. d3 Be7 7. Nbd2 c6 8. h3 Bh5 9. a3 a5 10. a4 Qc7 11. O-O O-O 12. Re1 Rfd8 13. Qc1 b5 14. Bc3 Ra7 15. Ra2 bxa4 16. Rxa4 Nc5 17. Ra2 Rda8 18. Qb2 a4 19. Rea1 axb3 20. Rxa7 Rxa7 21. Rxa7 Qxa7 22. cxb3 Qb7 23. Kf1 h6 24. Ne5 Ncd7 25. Nxd7 Qxd7 26. Bf3 Bxf3 27. Nxf3 Qb7 28. Ne5 c5 29. d4 Ne4 30. dxc5 Bxc5 31. Nd3 Nxc3 32. Nxc5 Qb4 33. Nd3 Qd4 34. Nf4 e5 35. e3 Qd1+ 36. Kg2 exf4 37. Qxc3 f3+ 38. Kh2 Kh7 39. Qe5 Qc2 40. Kg1 Qb1+ 41. Kh2 Qc2 42. Kg1 Qd1+ 43. Kh2 Kg6 44. g4 Kh7 45. Qf5+ Kg8 46. Kg3 Qxb3 47. Qxf3 Qc4 1/2-1/2

[Event "Quebec-ch U14"]
[Site "Montreal CAN"]
[Date "2001.03.09"]
[Round "1"]
[White "Ouellet-Leveille, Clement"]
[Black "Neron-Grondin, Guillaume"]
[Result "1-0"]
[WhiteElo "1912"]
[BlackElo "1165"]
[PlyCount "79"]
[GameId "2160767911610283"]
[EventDate "2001.03.09"]
[EventType "tourn"]
[EventRounds "5"]
[EventCountry "CAN"]

1. e4 c5 2. Nf3 e6 3. d4 cxd4 4. Nxd4 Nc6 5. Nc3 Nf6 6. Be2 Bb4 7. Nxc6 Bxc3+ 8. bxc3 bxc6 9. Qd4 h6 10. O-O O-O 11. e5 Nd5 12. c4 Ne7 13. Bd3 Qa5 14. Bd2 Qc7 15. Rfe1 f5 16. Bb4 Qd8 17. Qh4 Rf7 18. Re3 Qe8 19. Rg3 Kh7 20. Be2 Ng6 21. Rxg6 Kxg6 22. Bh5+ Kh7 23. Bxf7 Qxf7 24. Bd6 g5 25. Qh3 Ba6 26. c5 Qe8 27. Rb1 Kg6 28. Qa3 Qc8 29. Rb4 Bb5 30. Qa5 Kf7 31. Qa3 Qa6 32. Qb3 Qa5 33. h3 h5 34. Kh2 Kg6 35. c4 a6 36. a4 Ra7 37. cxb5 axb5 38. axb5 Rb7 39. b6 g4 40. Qa4 1-0

[Event "Quebec-ch U14"]
[Site "Montreal CAN"]
[Date "2001.03.10"]
[Round "2"]
[White "Clyde, Jordan"]
[Black "Ouellet-Leveille, Clement"]
[Result "1/2-1/2"]
[WhiteElo "1742"]
[BlackElo "1912"]
[PlyCount "52"]
[GameId "2160767911610284"]
[EventDate "2001.03.09"]
[EventType "tourn"]
[EventRounds "5"]
[EventCountry "CAN"]

1. Nf3 Nf6 2. b3 e6 3. Bb2 b6 4. g3 Bb7 5. Bg2 Be7 6. O-O O-O 7. d3 d5 8. Nbd2 c5 9. Ne5 Nfd7 10. f4 Nc6 11. Nxc6 Bxc6 12. e4 Qc7 13. Re1 Bf6 14. e5 Be7 15. Bh3 d4 16. Ne4 Rfe8 17. Qe2 Qb7 18. Bc1 Bxe4 19. Qxe4 Qxe4 20. Rxe4 g6 21. Bd2 Red8 22. a4 a5 23. Rd1 Nf8 24. Bg2 Ra7 25. h3 Rb8 26. Ra1 Kg7 1/2-1/2

[Event "Quebec-ch U14"]
[Site "Montreal CAN"]
[Date "2001.03.10"]
[Round "2"]
[White "Neron-Grondin, Guillaume"]
[Black "Feoktistov, Dmitri"]
[Result "0-1"]
[WhiteElo "1165"]
[BlackElo "2007"]
[PlyCount "82"]
[GameId "2160767911610285"]
[EventDate "2001.03.09"]
[EventType "tourn"]
[EventRounds "5"]
[EventCountry "CAN"]

1. e4 c6 2. d4 d5 3. Nc3 dxe4 4. Nxe4 Bf5 5. Ng3 Bg6 6. Nf3 Nd7 7. Bd3 Bxd3 8. Qxd3 Qc7 9. Be3 Ngf6 10. O-O-O e6 11. Ne5 Nxe5 12. dxe5 Qxe5 13. Kb1 Qc7 14. Bg5 Be7 15. Bxf6 Bxf6 16. Ne4 Be7 17. Nd6+ Bxd6 18. Qxd6 Qxd6 19. Rxd6 Ke7 20. Rhd1 Rhd8 21. Rxd8 Rxd8 22. Rxd8 Kxd8 23. Kc1 Kd7 24. Kd2 Kd6 25. Kd3 g6 26. h3 e5 27. c3 f5 28. Ke3 g5 29. g4 Ke6 30. b3 b6 31. a3 e4 32. f3 exf3 33. Kxf3 Ke5 34. a4 f4 35. b4 Kd5 36. b5 cxb5 37. axb5 Kc5 38. Ke4 Kxb5 39. Kf5 f3 40. Kxg5 f2 41. Kh6 f1=Q 0-1

[Event "Quebec-ch U14"]
[Site "Montreal CAN"]
[Date "2001.03.10"]
[Round "3"]
[White "Feoktistov, Dmitri"]
[Black "Clyde, Jordan"]
[Result "1/2-1/2"]
[WhiteElo "2007"]
[BlackElo "1742"]
[PlyCount "74"]
[GameId "2160767911610287"]
[EventDate "2001.03.09"]
[EventType "tourn"]
[EventRounds "5"]
[EventCountry "CAN"]

1. d4 Nf6 2. c4 e6 3. Nf3 b6 4. Bg5 Bb7 5. e3 Be7 6. Nc3 Ne4 7. Bxe7 Qxe7 8. Be2 O-O 9. Nxe4 Bxe4 10. O-O d6 11. Nd2 Bb7 12. Bf3 Bxf3 13. Qxf3 Nd7 14. a4 a5 15. Qc6 Ra7 16. Rfe1 Nb8 17. Qb5 Qd7 18. Ra3 Ra8 19. Nf3 Na6 20. Qh5 f6 21. e4 Qf7 22. Qh3 e5 23. Rd1 Rad8 24. Rad3 Nb4 25. R3d2 Nc6 26. b3 Nxd4 27. Nxd4 exd4 28. Rxd4 Qd7 29. Qh5 Qf7 30. Qf3 Rfe8 31. Qd3 Re7 32. f3 Rf8 33. g4 g6 34. Rd5 Re5 35. Kh1 Kh8 36. f4 Re7 37. Re1 Rfe8 1/2-1/2

[Event "Quebec-ch U14"]
[Site "Montreal CAN"]
[Date "2001.03.10"]
[Round "3"]
[White "Ouellet-Leveille, Clement"]
[Black "Ramaswamy, Kishor"]
[Result "0-1"]
[WhiteElo "1912"]
[BlackElo "1909"]
[PlyCount "66"]
[GameId "2160767911610288"]
[EventDate "2001.03.09"]
[EventType "tourn"]
[EventRounds "5"]
[EventCountry "CAN"]

1. e4 c6 2. d4 d5 3. exd5 cxd5 4. c4 Nf6 5. Nc3 e6 6. Nf3 Bb4 7. cxd5 Nxd5 8. Bd2 Nc6 9. Bd3 O-O 10. O-O Nf6 11. Bg5 Be7 12. Qd2 Nb4 13. Rfd1 Nbd5 14. Rac1 b6 15. Nxd5 Nxd5 16. Bxe7 Qxe7 17. Qc2 g6 18. Be4 Bb7 19. Bxd5 Bxd5 20. Qc7 Qxc7 21. Rxc7 Bxa2 22. Ne5 a6 23. f3 b5 24. Kf2 Rac8 25. Rdc1 Ra8 26. R1c6 Bd5 27. Rd6 Rac8 28. Ra7 Rc2+ 29. Ke3 Rxb2 30. Nxf7 Rxf7 31. Rd8+ Kg7 32. Rxa6 Rxg2 33. Rb6 Rxf3# 0-1

[Event "Quebec-ch U14"]
[Site "Montreal CAN"]
[Date "2001.03.11"]
[Round "4"]
[White "Ouellet-Leveille, Clement"]
[Black "Feoktistov, Dmitri"]
[Result "1/2-1/2"]
[WhiteElo "1912"]
[BlackElo "2007"]
[PlyCount "91"]
[GameId "2160767911610291"]
[EventDate "2001.03.09"]
[EventType "tourn"]
[EventRounds "5"]
[EventCountry "CAN"]

1. e4 c6 2. d4 d5 3. exd5 cxd5 4. c4 Nf6 5. Nc3 Nc6 6. c5 g6 7. Bb5 Bg7 8. Nf3 O-O 9. Bxc6 bxc6 10. Ne5 Qc7 11. Qa4 Bd7 12. O-O Rfd8 13. Bd2 Ng4 14. f4 Nxe5 15. fxe5 f6 16. Ne2 Qb8 17. e6 Bxe6 18. Qxc6 Bg4 19. Ba5 Qxb2 20. Bxd8 Rxd8 21. Rfe1 Bxe2 22. Qe6+ Kf8 23. Qxe2 Qxd4+ 24. Qe3 f5 25. Rad1 Qxe3+ 26. Rxe3 d4 27. Re6 Kf7 28. Ra6 d3 29. c6 Bd4+ 30. Kf1 Bb6 31. a4 Ke8 32. a5 Bc5 33. c7 Rc8 34. Rxd3 Rxc7 35. Rh3 Bd6 36. Rxh7 Rc1+ 37. Ke2 Rc2+ 38. Kd3 Rxg2 39. Rxa7 Ra2 40. h4 f4 41. Ra8+ Kd7 42. Rf7 Ra3+ 43. Ke2 Kc6 44. Rg8 Rxa5 45. Rxg6 Kd7 46. Rxd6+ 1/2-1/2

[Event "Quebec-ch U14"]
[Site "Montreal CAN"]
[Date "2001.03.11"]
[Round "4"]
[White "Ramaswamy, Kishor"]
[Black "Neron-Grondin, Guillaume"]
[Result "1-0"]
[WhiteElo "1909"]
[BlackElo "1165"]
[PlyCount "115"]
[GameId "2160767911610292"]
[EventDate "2001.03.09"]
[EventType "tourn"]
[EventRounds "5"]
[EventCountry "CAN"]

1. d4 Nf6 2. Nf3 e6 3. Bg5 d5 4. Nbd2 c5 5. c3 Nc6 6. e3 cxd4 7. exd4 Be7 8. Bd3 h6 9. Bh4 Nh5 10. Bxe7 Qxe7 11. O-O Bd7 12. Bc2 O-O 13. Ne5 Nxe5 14. dxe5 Nf4 15. h3 Ng6 16. Nf3 Rac8 17. h4 Qc5 18. h5 Ne7 19. Qd3 Nf5 20. a4 Qc4 21. Nd4 Qxd3 22. Bxd3 Nxd4 23. cxd4 a5 24. f4 f5 25. Kf2 Kf7 26. Ke3 Rc7 27. Rfc1 Rfc8 28. Rxc7 Rxc7 29. Kd2 Ke7 30. b3 Kd8 31. Rg1 Be8 32. Be2 g6 33. g4 gxh5 34. gxf5 Bf7 35. fxe6 Bxe6 36. Bxh5 Bf7 37. Bf3 Re7 38. Rh1 Be6 39. Rxh6 Kd7 40. Bxd5 Bxd5 41. Rd6+ Kc7 42. Rxd5 Kb6 43. f5 Rg7 44. f6 Rg2+ 45. Kc3 Rg3+ 46. Kc4 Rg1 47. Rb5+ Ka6 48. f7 Rc1+ 49. Kd5 Rc8 50. e6 b6 51. e7 Rc7 52. e8=Q Rd7+ 53. Ke6 Ra7 54. Qc8+ Rb7 55. Qxb7+ Kxb7 56. f8=Q Ka7 57. Kd6 Kb7 58. Rxb6+ 1-0

[Event "Quebec-ch U14"]
[Site "Montreal CAN"]
[Date "2001.03.11"]
[Round "5"]
[White "Feoktistov, Dmitri"]
[Black "Ramaswamy, Kishor"]
[Result "1-0"]
[WhiteElo "2007"]
[BlackElo "1909"]
[PlyCount "77"]
[GameId "2160767911610293"]
[EventDate "2001.03.09"]
[EventType "tourn"]
[EventRounds "5"]
[EventCountry "CAN"]

1. d4 d5 2. c4 e6 3. Nc3 Nf6 4. Bg5 Nbd7 5. e3 c6 6. Nf3 Qa5 7. Bxf6 Nxf6 8. Qd2 dxc4 9. Bxc4 Qc7 10. Be2 Be7 11. O-O O-O 12. Rac1 Rd8 13. Qc2 Bd7 14. a3 Rac8 15. b4 Be8 16. Rfd1 b6 17. Qa2 c5 18. dxc5 bxc5 19. b5 Nd5 20. a4 Nxc3 21. Rxc3 Rxd1+ 22. Bxd1 Rd8 23. Rc1 f6 24. Bb3 Bf7 25. h3 Bf8 26. Qb2 e5 27. Nd2 Rd3 28. Bxf7+ Qxf7 29. Nc4 Qd7 30. a5 Rd1+ 31. Rxd1 Qxd1+ 32. Kh2 Qa4 33. b6 axb6 34. Qxb6 Qxc4 35. a6 Qa2 36. a7 Bd6 37. e4 Qxf2 38. a8=Q+ Kf7 39. Qb3+ 1-0

[Event "Quebec-ch U14"]
[Site "Montreal CAN"]
[Date "2001.03.11"]
[Round "5"]
[White "Neron-Grondin, Guillaume"]
[Black "Clyde, Jordan"]
[Result "1-0"]
[WhiteElo "1165"]
[BlackElo "1742"]
[PlyCount "63"]
[GameId "2160767911610294"]
[EventDate "2001.03.09"]
[EventType "tourn"]
[EventRounds "5"]
[EventCountry "CAN"]

1. e4 Nf6 2. e5 Ng8 3. d4 d6 4. exd6 exd6 5. Nf3 Bg4 6. Bc4 Nc6 7. O-O Nf6 8. c3 Be7 9. h3 Bh5 10. Bg5 h6 11. Bxf6 Bxf6 12. Re1+ Ne7 13. Nbd2 d5 14. Bf1 c6 15. Qc2 Qc7 16. Ne5 O-O-O 17. Qa4 Kb8 18. b4 g5 19. b5 Bxe5 20. Rxe5 c5 21. b6 axb6 22. Rb1 Nc6 23. dxc5 Qxe5 24. Rxb6 Kc8 25. Bb5 Rd7 26. Bxc6 Qe1+ 27. Nf1 Kb8 28. Bxd7 Be2 29. Rxb7+ Kxb7 30. Qc6+ Kb8 31. Qb6+ Ka8 32. Bc6# 1-0

[Event "Quebec-ch U16"]
[Site "Montreal CAN"]
[Date "2001.03.09"]
[Round "1"]
[White "McAlpin, John-Francis"]
[Black "Ouellet-Leveille, Bertrand"]
[Result "1/2-1/2"]
[WhiteElo "1667"]
[BlackElo "1689"]
[PlyCount "45"]
[GameId "2160767911610296"]
[EventDate "2001.03.09"]
[EventType "tourn"]
[EventRounds "5"]
[EventCountry "CAN"]

1. d4 d5 2. c4 e6 3. Nc3 c6 4. cxd5 exd5 5. Nf3 Nf6 6. Bg5 Bf5 7. e3 Nbd7 8. Bd3 Bxd3 9. Qxd3 g6 10. O-O Bg7 11. b4 Qe7 12. b5 O-O 13. Rfe1 h6 14. Bh4 g5 15. Bg3 Ne4 16. bxc6 bxc6 17. Rab1 Nb6 18. a4 Qa3 19. Rec1 Nc4 20. Ra1 Qb3 21. Rab1 Qa3 22. Ra1 Qb3 23. Rab1 1/2-1/2

[Event "Quebec-ch U16"]
[Site "Montreal CAN"]
[Date "2001.03.09"]
[Round "1"]
[White "Morin, Benoit"]
[Black "Charbonneau, Anne-Marie"]
[Result "0-1"]
[WhiteElo "1627"]
[BlackElo "1850"]
[PlyCount "110"]
[GameId "2160767911610297"]
[EventDate "2001.03.09"]
[EventType "tourn"]
[EventRounds "5"]
[EventCountry "CAN"]

1. c4 e6 2. Nc3 d5 3. cxd5 exd5 4. d3 Nf6 5. Nf3 c5 6. Bg5 d4 7. Ne4 Be7 8. Nxf6+ Bxf6 9. Bxf6 Qxf6 10. Rc1 Nd7 11. g3 O-O 12. Bg2 Rb8 13. O-O b6 14. Nd2 Bb7 15. Qa4 Bxg2 16. Kxg2 Rb7 17. b4 Qe5 18. Qc6 Rc7 19. Qe4 Qh5 20. Nb3 Rfc8 21. bxc5 Nxc5 22. Nxc5 bxc5 23. Rb1 f5 24. Qe6+ Qf7 25. Qxf7+ Kxf7 26. Rfc1 Ke6 27. Rc4 Kd5 28. f4 Re8 29. Kf2 Re6 30. Rc2 Rb6 31. Rcb2 Rcb7 32. Rxb6 Rxb6 33. Rxb6 axb6 34. Ke1 Kc6 35. a4 Kd5 36. Kd2 c4 37. Kc2 Kc5 38. Kd2 cxd3 39. Kxd3 Kb4 40. Kxd4 Kxa4 41. Kc3 h5 42. Kd4 b5 43. Ke5 b4 44. Kxf5 b3 45. Kg6 b2 46. Kxg7 b1=Q 47. Kh6 Qe4 48. Kxh5 Qxe2+ 49. g4 Qxh2+ 50. Kg5 Kb5 51. f5 Kc6 52. Kg6 Qh8 53. g5 Kd7 54. f6 Ke6 55. f7 Ke7 0-1

[Event "Quebec-ch U16"]
[Site "Montreal CAN"]
[Date "2001.03.09"]
[Round "1"]
[White "Obartel, Jacques"]
[Black "Tran, Dan"]
[Result "1/2-1/2"]
[WhiteElo "1204"]
[BlackElo "1745"]
[PlyCount "69"]
[GameId "2160767911610298"]
[EventDate "2001.03.09"]
[EventType "tourn"]
[EventRounds "5"]
[EventCountry "CAN"]

1. e4 d6 2. d4 Nf6 3. Nc3 g6 4. Nf3 Bg7 5. Bf4 O-O 6. Qd2 c6 7. Bc4 Bg4 8. a4 Bxf3 9. gxf3 Nbd7 10. Bh6 e5 11. Bxg7 Kxg7 12. d5 c5 13. b3 Nh5 14. O-O-O Nf4 15. Ne2 Nxe2+ 16. Qxe2 f5 17. h4 f4 18. Rdg1 Kf7 19. Kb2 Rg8 20. Qf1 a6 21. Qh3 Nf8 22. h5 g5 23. Qf5+ Qf6 24. Qxf6+ Kxf6 25. Bf1 h6 26. Bh3 Rg7 27. c3 Ke7 28. Rg2 Nh7 29. Bf5 Nf6 30. Bg4 Kd8 31. Rc1 Rb8 32. Kc2 Kc7 33. Kd3 b5 34. a5 Nxg4 35. fxg4 1/2-1/2

[Event "Quebec-ch U16"]
[Site "Montreal CAN"]
[Date "2001.03.10"]
[Round "2"]
[White "Charbonneau, Anne-Marie"]
[Black "Obartel, Jacques"]
[Result "1-0"]
[WhiteElo "1850"]
[BlackElo "1204"]
[PlyCount "39"]
[GameId "2160767911610299"]
[EventDate "2001.03.09"]
[EventType "tourn"]
[EventRounds "5"]
[EventCountry "CAN"]

1. d4 Nf6 2. c4 e5 3. dxe5 Ng4 4. e6 fxe6 5. e4 Nf6 6. e5 Ng8 7. Bd3 Bb4+ 8. Nc3 Ne7 9. Bg5 g6 10. h4 Rg8 11. h5 c5 12. hxg6 hxg6 13. Bxg6+ Rxg6 14. Rh8+ Rg8 15. Rxg8+ Nxg8 16. Bxd8 Kxd8 17. Qg4 Ne7 18. O-O-O Bxc3 19. bxc3 Nbc6 20. Qxe6 1-0

[Event "Quebec-ch U16"]
[Site "Montreal CAN"]
[Date "2001.03.10"]
[Round "2"]
[White "McAlpin, John-Francis"]
[Black "Morin, Benoit"]
[Result "1/2-1/2"]
[WhiteElo "1867"]
[BlackElo "1627"]
[PlyCount "75"]
[GameId "2160767911610300"]
[EventDate "2001.03.09"]
[EventType "tourn"]
[EventRounds "5"]
[EventCountry "CAN"]

1. d4 Nf6 2. c4 g6 3. Nc3 Bg7 4. g3 d6 5. Bg2 O-O 6. Nf3 Nbd7 7. O-O e5 8. e4 exd4 9. Nxd4 Nc5 10. Re1 Nfd7 11. f4 Ne6 12. Be3 Ndc5 13. Nxe6 Bxe6 14. Bxc5 dxc5 15. e5 Bxc4 16. Bxb7 Rb8 17. b3 Qxd1 18. Raxd1 Bxb3 19. axb3 Rxb7 20. Ne4 Rxb3 21. Nxc5 Rb5 22. e6 fxe6 23. Nxe6 Re8 24. Nxg7 Rxe1+ 25. Rxe1 Kxg7 26. Re7+ Kh6 27. Rxc7 Rb1+ 28. Kg2 a5 29. g4 Rb5 30. h3 g5 31. f5 a4 32. Ra7 Rb4 33. Kf2 Rb3 34. Rxa4 Rxh3 35. Ra7 Rc3 36. Re7 Rb3 37. Re3 Rb4 38. Kg3 1/2-1/2

[Event "Quebec-ch U16"]
[Site "Montreal CAN"]
[Date "2001.03.10"]
[Round "2"]
[White "Ouellet-Leveille, Bertrand"]
[Black "Tran, Dan"]
[Result "1/2-1/2"]
[WhiteElo "1689"]
[BlackElo "1745"]
[PlyCount "60"]
[GameId "2160767911610301"]
[EventDate "2001.03.09"]
[EventType "tourn"]
[EventRounds "5"]
[EventCountry "CAN"]

1. e4 d6 2. d4 Nf6 3. Nc3 g6 4. Bc4 Bg7 5. Nge2 O-O 6. Bg5 Nc6 7. Qd2 a6 8. f3 b5 9. Bb3 Na5 10. O-O Bb7 11. Bxf6 Nxb3 12. axb3 Bxf6 13. Qd3 e6 14. f4 c5 15. dxc5 dxc5 16. Qxd8 Rfxd8 17. e5 Be7 18. Rfd1 Kf8 19. Kf2 f5 20. g3 Ke8 21. Ng1 Rd7 22. Rxd7 Kxd7 23. Nf3 Bxf3 24. Kxf3 Kc6 25. Ke3 Kb6 26. Rd1 Rd8 27. Rxd8 Bxd8 28. Kd3 Kc6 29. Ne2 a5 30. c4 h6 1/2-1/2

[Event "Quebec-ch U16"]
[Site "Montreal CAN"]
[Date "2001.03.10"]
[Round "3"]
[White "Morin, Benoit"]
[Black "Ouellet-Leveille, Bertrand"]
[Result "0-1"]
[WhiteElo "1627"]
[BlackElo "1689"]
[PlyCount "60"]
[GameId "2160767911610302"]
[EventDate "2001.03.09"]
[EventType "tourn"]
[EventRounds "5"]
[EventCountry "CAN"]

1. c4 e5 2. Nc3 Nf6 3. g3 Nc6 4. Bg2 d6 5. Nf3 g6 6. O-O Bg7 7. e3 O-O 8. d4 exd4 9. Nxd4 Bd7 10. a3 Nxd4 11. exd4 Bc6 12. Bxc6 bxc6 13. c5 d5 14. Qa4 Qd7 15. Re1 Qh3 16. f3 Nh5 17. Ne2 Rae8 18. Bd2 Re6 19. Qc2 Rfe8 20. Qd3 f5 21. b4 Rxe2 22. Rxe2 Bxd4+ 23. Re3 Rxe3 24. Bxe3 Bxa1 25. Qa6 f4 26. Qxc6 fxe3 27. Qe8+ Kg7 28. Qe7+ Kh6 29. Qxe3+ g5 30. g4 Nf4 0-1

[Event "Quebec-ch U16"]
[Site "Montreal CAN"]
[Date "2001.03.10"]
[Round "3"]
[White "Obartel, Jacques"]
[Black "McAlpin, John-Francis"]
[Result "1-0"]
[WhiteElo "1204"]
[BlackElo "1667"]
[PlyCount "137"]
[GameId "2160767911610303"]
[EventDate "2001.03.09"]
[EventType "tourn"]
[EventRounds "5"]
[EventCountry "CAN"]

1. e4 e5 2. Nf3 d6 3. d4 exd4 4. Nxd4 g6 5. Bc4 Bg7 6. c3 Nf6 7. O-O O-O 8. f3 Nbd7 9. Be3 Re8 10. Re1 a6 11. Bb3 Nc5 12. Bc2 d5 13. exd5 Nxd5 14. Bf2 Ne6 15. Nxe6 Bxe6 16. Nd2 Nf4 17. Ne4 Bc4 18. Kh1 Bd3 19. Be3 Be5 20. Qd2 Bxc2 21. Qxc2 Qd3 22. Qb3 Qb5 23. Qxb5 axb5 24. Bxf4 Bxf4 25. Nf6+ Kf8 26. Nxe8 Rxe8 27. Rxe8+ Kxe8 28. Kg1 Bd6 29. Kf2 Kd7 30. h3 b6 31. g4 g5 32. Ke3 Ke6 33. Ke4 c6 34. Rh1 Bg3 35. Rd1 Bc7 36. b3 h6 37. c4 b4 38. Rd3 Bd6 39. Rxd6+ Kxd6 40. Kf5 Ke7 41. Ke5 f6+ 42. Kf5 Kf7 43. f4 Ke7 44. fxg5 hxg5 45. Kg6 Ke6 46. Kg7 f5 47. gxf5+ Kxf5 48. Kf7 c5 49. Kg7 Ke4 50. Kg6 Kd3 51. Kxg5 Kc2 52. h4 Kb2 53. h5 Kxa2 54. h6 Kxb3 55. h7 Kxc4 56. h8=Q Kb3 57. Qa1 Kc2 58. Qa2+ Kc3 59. Kf4 c4 60. Ke3 b5 61. Ke2 Kd4 62. Kd2 b3 63. Qa1+ Kc5 64. Qc3 Kd5 65. Qb4 Kd4 66. Qd6+ Ke4 67. Kc3 Ke3 68. Qd4+ Ke2 69. Kb4 1-0

[Event "Quebec-ch U16"]
[Site "Montreal CAN"]
[Date "2001.03.10"]
[Round "3"]
[White "Tran, Dan"]
[Black "Charbonneau, Anne-Marie"]
[Result "1-0"]
[WhiteElo "1745"]
[BlackElo "1850"]
[PlyCount "145"]
[GameId "2160767911610304"]
[EventDate "2001.03.09"]
[EventType "tourn"]
[EventRounds "5"]
[EventCountry "CAN"]

1. Nf3 e6 2. g3 Nf6 3. Bg2 c5 4. O-O Be7 5. d3 O-O 6. e4 d6 7. b3 Nc6 8. Bb2 Qc7 9. Nc3 a6 10. a4 Rd8 11. Nd2 d5 12. f4 d4 13. Ne2 Ng4 14. Nc4 Na5 15. Bc1 Nxc4 16. bxc4 Nf6 17. h3 Nd7 18. Qe1 e5 19. f5 f6 20. g4 Nb8 21. Qg3 Rf8 22. h4 Kf7 23. Nf4 exf4 24. Bxf4 Qb6 25. Bxb8 Rxb8 26. Qxb8 Bd6 27. a5 Qd8 28. Qa7 Qe7 29. Rf3 Qe5 30. Qb6 Bc7 31. Qb1 Rg8 32. Kf2 h6 33. Qh1 Rh8 34. Ke2 Bd7 35. Kd2 Bc6 36. Kc1 Ke7 37. Qg1 Qh2 38. Qxh2 Bxh2 39. Kb2 Be5 40. Bf1 Kd6 41. Kc1 Rh7 42. Kd2 Rh8 43. Ke2 Rh7 44. Rh3 Rh8 45. Kf3 Rh7 46. Rh1 Rh8 47. Rg1 Rh7 48. g5 hxg5 49. hxg5 fxg5 50. Rxg5 Bf6 51. Rg2 Ke5 52. Be2 Rh3+ 53. Rg3 Rxg3+ 54. Kxg3 Bd7 55. Bh5 Bc6 56. Bf7 Bd8 57. Bd5 Bc7 58. Bxc6 bxc6 59. Kg4 Kf6 60. Kf3 Ke5 61. Rb1 Bxa5 62. Ra1 Bd8 63. Rxa6 Kd6 64. Ra7 Bf6 65. Kg4 Be5 66. Kg5 Bf6+ 67. Kg6 Bh4 68. Rxg7 Bf6 69. Rf7 Be5 70. f6 Ke6 71. Re7+ Kd6 72. Rxe5 Kxe5 73. f7 1-0